Breviarium romanun ex decreto Sacrosancti Concilii Tridentini restitutum S. Pii Pontificis Maximi jussu editum et Clementis VIII primum nunc denuó Urbani PP. VIII auctoritae

Detalles Bibliográficos
Formato: Libro
Lenguaje:Undetermined
Latin
Publicado: Matriti : ex typographia Antonii de Sancha, 1785.
Materias:
Colección:Banco de datos
Acervo:Biblioteca Palafoxiana. Colección bibliográfica
Descripción Física:4 t. ; 4°
Tema general:Liturgia
Notas:Incluye tablas Mutilado de la portada. Número de localización: t.2 (1822-A)
LEADER 00655nam a2200157Ia 4500
008 150723s9999 xx 000 0 und d
041 0 |a lat 
050 0 |a PAFX BV174 B7 
245 1 0 |a Breviarium romanun ex decreto Sacrosancti Concilii Tridentini restitutum S. Pii Pontificis Maximi jussu editum et Clementis VIII primum nunc denuó Urbani PP. VIII auctoritae 
260 |a Matriti : ex typographia Antonii de Sancha, 1785. 
300 |a 4 t. ; 4° 
500 |a Incluye tablas Mutilado de la portada. Número de localización: t.2 (1822-A) 
650 1 0 |a Liturgia 
942 |c PALALIB 
943 |g Biblioteca Palafoxiana. Colección bibliográfica 
999 |c 1056040  |d 1056040